All Countries with McDonalds - Statistics

General Stats
  • This quiz has been taken 140 times
  • The average score is 76 of 94
Answer Stats
# stores Countries % Correct
13,515 United States
99%
2,900 Japan
98%
4,978 China
97%
1,500 France
97%
591 Spain
97%
1,300 United Kingdom
97%
1,400 Canada
96%
1,052 Brazil
94%
1,000 Australia
93%
1,422 Germany
93%
402 Mexico
92%
80 Norway
91%
447 South Korea
91%
185 Colombia
90%
75 Finland
90%
702 Italy
90%
171 New Zealand
90%
194 Portugal
90%
368 South Africa
90%
190 Sweden
90%
222 Argentina
88%
192 Egypt
88%
31 Greece
88%
480 India
88%
92 Ireland
87%
191 Denmark
86%
229 Israel
85%
396 Saudi Arabia
85%
111 Ukraine
85%
14 Latvia
84%
17 Lithuania
84%
532 Poland
84%
245 Turkey
84%
202 Austria
83%
110 Belgium
83%
97 Chile
83%
11 Estonia
83%
113 Hungary
83%
301 Indonesia
83%
42 Slovakia
83%
178 Switzerland
83%
229 Thailand
83%
33 Vietnam
83%
63 Morocco
82%
83 Pakistan
82%
40 Peru
82%
32 Serbia
82%
207 United Arab Emirates
82%
46 Croatia
81%
117 Czech Republic
81%
350 Malaysia
81%
263 Netherlands
81%
57 Panama
81%
19 Paraguay
81%
75 Qatar
80%
98 Romania
80%
36 Bulgaria
79%
12 Luxembourg
79%
25 Uruguay
79%
30 Ecuador
78%
10 Honduras
78%
23 Lebanon
78%
23 Slovenia
78%
70 Costa Rica
77%
1 Cuba
77%
19 El Salvador
77%
95 Guatemala
77%
1 Liechtenstein
77%
34 Oman
77%
133 Venezuela
77%
1 Monaco
76%
154 Singapore
76%
413 Taiwan
76%
32 Bahrain
75%
1 Iraq
75%
45 Jordan
75%
95 Kuwait
75%
699 Philippines
74%
31 Dominican Republic
73%
9 Malta
73%
6 Nicaragua
72%
5 Andorra
71%
3 Bahamas
71%
24 Cyprus
68%
23 Azerbaijan
67%
22 Georgia
67%
3 Suriname
67%
12 Sri Lanka
66%
4 Fiji
65%
9 Moldova
65%
6 Trinidad and Tobago
64%
5 Brunei
61%
1 Samoa
59%
14 Mauritius
49%
No matching quizzes found
Score Distribution
Percent of People with Each Score
Percentile by Number Answered
Your Score History
You have not taken this quiz